Transnational organized crime: an overview from six continents
| Contributors: | ; |
|---|---|
| Format: | Print Book |
| Language: | English |
| Published: |
Los Angeles [u.a.]
SAGE
2014
|
| In: | Year: 2014 |
| Online Access: |
Table of Contents Blurb (Publisher) |
| Availability in Tübingen: | Present in Tübingen. UB: KB 9 E 2466 |
| Check availability: | HBZ Gateway |
| Subito Delivery Service: | Order now. |
| Keywords: |
MARC
| LEADER | 00000cam a2200000 c 4500 | ||
|---|---|---|---|
| 001 | 1605358754 | ||
| 003 | DE-627 | ||
| 005 | 20260206194702.0 | ||
| 007 | tu | ||
| 008 | 130925s2014 xx ||||| 00| ||eng c | ||
| 020 | |a 9781452290072 |9 978-1-4522-9007-2 | ||
| 035 | |a (DE-627)1605358754 | ||
| 035 | |a (DE-603)344674479 | ||
| 035 | |a (DE-576)393797465 | ||
| 035 | |a (DE-599)GBV744174929 | ||
| 035 | |a (OCoLC)985468173 | ||
| 035 | |a (OCoLC)841206060 | ||
| 035 | |a (DE-615)00891908 | ||
| 040 | |a DE-627 |b ger |c DE-627 |e rakwb | ||
| 041 | |a eng | ||
| 082 | 0 | |a 364.10609 |q SEPA | |
| 082 | 0 | |a 364.106 |2 DDC23eng | |
| 084 | |a RQ |2 fivr | ||
| 084 | |a SF06.03 |2 fivs | ||
| 084 | |a 2,1 |2 ssgn | ||
| 084 | |a PH 8470 |2 rvk |0 (DE-625)rvk/136504: | ||
| 245 | 0 | 0 | |a Transnational organized crime |b an overview from six continents |c Jay Albanese; Philip Reichel |
| 264 | 1 | |a Los Angeles [u.a.] |b SAGE |c 2014 | |
| 300 | |a 214 S. |b graph. Darst. | ||
| 336 | |a Text |b txt |2 rdacontent | ||
| 337 | |a ohne Hilfsmittel zu benutzen |b n |2 rdamedia | ||
| 338 | |a Band |b nc |2 rdacarrier | ||
| 500 | |a Includes bibliographical references and index | ||
| 505 | 8 | |a Literaturangaben | |
| 505 | 8 | |a Literaturangaben | |
| 583 | 1 | |a Archivierung/Langzeitarchivierung gewährleistet |f SSG |x XA-DE-BW |2 pdager |5 DE-21 | |
| 650 | 0 | 7 | |0 (DE-588)4043830-2 |0 (DE-627)104189177 |0 (DE-576)209057513 |a Organisiertes Verbrechen |2 gnd |
| 650 | 0 | 7 | |0 (DE-588)7595654-8 |0 (DE-627)556145852 |0 (DE-576)275992039 |a Transnationale Politik |2 gnd |
| 650 | 0 | 7 | |0 (DE-588)4055762-5 |0 (DE-627)106156918 |0 (DE-576)209115289 |a Soziales Netzwerk |2 gnd |
| 650 | 4 | |a Transnational Crime | |
| 650 | 4 | |a Organized Crime | |
| 651 | 7 | |0 (DE-588)1135962553 |0 (DE-627)890988382 |0 (DE-576)490197698 |a Erde |2 gnd | |
| 655 | 7 | |a Aufsatzsammlung |0 (DE-588)4143413-4 |0 (DE-627)105605727 |0 (DE-576)209726091 |2 gnd-content | |
| 689 | 0 | 0 | |d s |0 (DE-588)4292962-3 |0 (DE-627)10420043X |0 (DE-576)210932422 |a Internationale Kriminalität |2 gnd |
| 689 | 0 | 1 | |d s |0 (DE-588)4043830-2 |0 (DE-627)104189177 |0 (DE-576)209057513 |a Organisiertes Verbrechen |2 gnd |
| 689 | 0 | |5 (DE-627) | |
| 700 | 1 | |a Albanese, Jay S. |d 1953- |e Hrsg. |0 (DE-588)171947134 |0 (DE-627)696838761 |0 (DE-576)160043069 |4 edt | |
| 700 | 1 | |a Reichel, Philip |d 1946- |0 (DE-588)1049663179 |0 (DE-627)782422950 |0 (DE-576)167382241 |4 oth | |
| 856 | 4 | 2 | |u https://swbplus.bsz-bw.de/bsz393797465inh.htm |m B:DE-576;DE-21 |q application/pdf |v 20140410100958 |x Verlag |3 Inhaltsverzeichnis |7 1 |
| 856 | 4 | 2 | |u https://swbplus.bsz-bw.de/bsz393797465kla.htm |m B:DE-576;DE-21 |q application/pdf |v 20140410100958 |x Verlag |3 Klappentext |7 1 |
| 935 | |h HEB |i 0501 | ||
| 935 | |h HEB |i 0503 | ||
| 936 | r | v | |a PH 8470 |b Organisiertes Verbrechen |k Rechtswissenschaft |k Strafrecht, Strafverfahrensrecht, Kriminologie |k Kriminologie |k Soziale Profile; Soziale Gruppen; Tätergemeinschaften (hier auch: Internationale Kriminalität) |k Organisiertes Verbrechen |0 (DE-627)1271949881 |0 (DE-625)rvk/136504: |0 (DE-576)201949881 |
| 936 | f | i | |0 (DE-627)1756134707 |a RQ |b Weltweit |k Weltweit |2 fivr |
| 936 | f | i | |0 (DE-627)1756135843 |a SF06.03 |b Kriminalität |k Staat |k Innere Sicherheit/Innerstaatlicher Konflikt |k Kriminalität |2 fivs |
| 936 | s | n | |a p100 |2 mzub |
| 936 | s | n | |a m200 |2 mzub |
| 938 | 1 | 0 | |0 (DE-627)1756180598 |0 (DE-615)6608724 |a Global |2 fivt |
| 938 | 1 | 0 | |0 (DE-627)1756192928 |0 (DE-615)6609116 |a Organisierte Kriminalität |2 fivt |
| 938 | 1 | 0 | |0 (DE-627)1756184178 |0 (DE-615)6607697 |a Transnational |2 fivt |
| 938 | 1 | 0 | |0 (DE-627)1756160759 |0 (DE-615)6602467 |a Netzwerk (institutionell/sozial) |2 fivt |
| 938 | 1 | 1 | |0 (DE-627)1756207070 |0 (DE-615)6610288 |a Nordamerika |2 fiva |
| 938 | 1 | 1 | |0 (DE-627)1756243255 |0 (DE-615)6610292 |a Lateinamerika |2 fiva |
| 938 | 1 | 1 | |0 (DE-627)1756204764 |0 (DE-615)6609917 |a Europa |2 fiva |
| 938 | 1 | 1 | |0 (DE-627)1756204535 |0 (DE-615)6609557 |a Afrika |2 fiva |
| 938 | 1 | 1 | |0 (DE-627)1756155704 |0 (DE-615)6605819 |a Naher und Mittlerer Osten |2 fiva |
| 938 | 1 | 1 | |0 (DE-627)175620554X |0 (DE-615)6610003 |a Asien |2 fiva |
| 938 | 1 | 1 | |0 (DE-627)175622028X |0 (DE-615)6601477 |a Ozeanien |2 fiva |
| 938 | 1 | 1 | |0 (DE-627)1756222029 |0 (DE-615)6601433 |a Internationaler Terrorismus |2 fiva |
| 951 | |a BO | ||
| ELC | |b 1 | ||
| LOK | |0 000 xxxxxcx a22 zn 4500 | ||
| LOK | |0 001 3111144585 | ||
| LOK | |0 003 DE-627 | ||
| LOK | |0 004 1605358754 | ||
| LOK | |0 005 20140407113300 | ||
| LOK | |0 008 140228||||||||||||||||ger||||||| | ||
| LOK | |0 040 |a DE-21 |c DE-627 |d DE-21 | ||
| LOK | |0 852 |a DE-21 | ||
| LOK | |0 852 1 |c KB 9 E 2466 |9 00 | ||
| LOK | |0 935 |a krim | ||
| LOK | |0 936ln |a k11.3.2 | ||
| LOK | |0 938 |a 1404 |f 34 | ||
| LOK | |0 939 |a 28-02-14 |b l01 | ||
| LOK | |0 000 xxxxxcx a22 zn 4500 | ||
| LOK | |0 001 3111144631 | ||
| LOK | |0 003 DE-627 | ||
| LOK | |0 004 1605358754 | ||
| LOK | |0 005 20131213103000 | ||
| LOK | |0 008 130925||||||||||||||||ger||||||| | ||
| LOK | |0 040 |a DE-Frei85 |c DE-627 |d DE-Frei85 | ||
| LOK | |0 852 |a DE-Frei85 | ||
| LOK | |0 852 1 |m p |9 00 | ||
| LOK | |0 938 |k p | ||
| LOK | |0 939 |a 25-09-13 |b l01 | ||
| ORI | |a SA-MARC-krimdoka001.raw | ||
| SIG | |a UB: KB 9 E 2466 | ||
